Catálogo

Vista normal Vista MARC

Entrada Personal Name

Número de registros utilizados en: 1

001 - CONTROL NUMBER

  • control field: 18025

003 - CONTROL NUMBER IDENTIFIER

  • control field: DLC

005 - DATE AND TIME OF LATEST TRANSACTION

  • control field: 20260415141311.0

008 - FIXED-LENGTH DATA ELEMENTS

  • fixed length control field: 060428n| azannaabn |a aaa

010 ## - LIBRARY OF CONGRESS CONTROL NUMBER

  • LC control number: n 2006181587

035 ## - SYSTEM CONTROL NUMBER

  • System control number: (OCoLC)oca06925199

040 ## - CATALOGING SOURCE

  • Original cataloging agency: DNLM
  • Language of cataloging: spa
  • Description conventions: rda
  • Transcribing agency: Mx-PuUPA
  • Modifying agency: DNLM
  • Modifying agency: Mx-PuUPA

100 1# - HEADING--PERSONAL NAME

  • Personal name: Chiego, Daniel J.,
  • Titles and other words associated with a name: Jr.

373 ## - ASSOCIATED GROUP

  • Associated group: Facultad de odontología
  • Associated group: Departamento de Cariología, Ciencias Restaurativas y Endodoncia
  • Associated group: Universidad de Michigan

374 ## - OCCUPATION

  • Occupation: Autor
  • Occupation: Profesor asociado

375 ## - GENDER

  • Gender: hombre

377 ## - ASSOCIATED LANGUAGE

  • Language code: eng

400 1# - SEE FROM TRACING--PERSONAL NAME

  • Control subfield: nne
  • Personal name: Chiego, Daniel J.

670 ## - SOURCE DATA FOUND

  • Source citation: Avery, James K. Essentials of oral histology and embryology, c2006:
  • Information found: t.p. (Daniel J. Chiego Jr., MS, PhD; assc. prof., Sch. of Dentistry, Dept. of Cariology, Restorative Sciences, and Endodontics, Univ. of Michigan, Ann Arbor, Mich.)

670 ## - SOURCE DATA FOUND

  • Source citation: Essentials of oral histology and embryology, 2019:
  • Information found: t.p. (Daniel J. Chiego, Jr., M.S., Ph. D., Associate Professor, School of Dentistry, Department of Cariology, Restorative Sciences and Endodontics, University of Michigan, Ann Arbor, Michigan)